Class experiments in plant physiology / (Record no. 11517)

000 -LEADER
fixed length control field 00427pam a2200157 a 4500
020 ## - INTERNATIONAL STANDARD BOOK NUMBER
ISBN 004581015X :
020 ## - INTERNATIONAL STANDARD BOOK NUMBER
ISBN 0045810168 (pbk.) :
040 ## - CATALOGING SOURCE
Transcribing agency DLC
082 00 - DEWEY DECIMAL CLASSIFICATION NUMBER
Classification number 581 G.AL 1984 A029 Or.
100 1# - MAIN ENTRY--AUTHOR NAME
Personal name Meidner, Hans.
245 10 - TITLE STATEMENT
Title Class experiments in plant physiology /
260 ## - PUBLICATION, DISTRIBUTION, ETC. (IMPRINT)
Place of publication London ;
-- Boston :
Name of publisher G. Allen & Unwin,
Year of publication 1984.
300 ## - PHYSICAL DESCRIPTION
Number of Pages xiii, 169 p. :
Other physical details ill. ;
Dimensions 25 cm.
650 #0 - SUBJECT ADDED ENTRY--TOPICAL TERM
Topical Term Plant physiology
942 ## - ADDED ENTRY ELEMENTS (KOHA)
Koha item type សៀវភៅភាសាអង់គ្លេស
952 ## - LOCATION AND ITEM INFORMATION (KOHA)
Withdrawn status [LOCAL, KOHA] 0
Holdings
Permanent Location Date acquired Koha item type Lost status Shelving location Barcode Current Location Full call number
Library Block A2017-08-03សៀវភៅភាសាអង់គ្លេស A029A11797 Library Block A581 G.AL 1984 A029 Or.
មជ្ឈមណ្ឌលឯការនៃសាកលវិទ្យាល័យភូមិន្ទកសិកម្មចំការដូង

Powered by Koha